<?xml version="1.0" encoding="UTF-8"?>
<record
    xmlns:xsi="http://www.w3.org/2001/XMLSchema-instance"
    xsi:schemaLocation="http://www.loc.gov/MARC21/slim http://www.loc.gov/standards/marcxml/schema/MARC21slim.xsd"
    xmlns="http://www.loc.gov/MARC21/slim">

  <leader>01445nam a22001937a 4500</leader>
  <datafield tag="999" ind1=" " ind2=" ">
    <subfield code="c">39046</subfield>
    <subfield code="d">39046</subfield>
  </datafield>
  <datafield tag="020" ind1=" " ind2=" ">
    <subfield code="a">9789394262768</subfield>
  </datafield>
  <datafield tag="082" ind1=" " ind2=" ">
    <subfield code="a">294</subfield>
    <subfield code="b">PRA-R</subfield>
  </datafield>
  <datafield tag="100" ind1=" " ind2=" ">
    <subfield code="a">Prasad, Birendra Nath </subfield>
    <subfield code="e">author</subfield>
  </datafield>
  <datafield tag="245" ind1=" " ind2=" ">
    <subfield code="a">Religion in Society:</subfield>
    <subfield code="b">Social Dimensions of Buddhism, Hinduism and Jainism in India </subfield>
    <subfield code="c">By Birendra Nath Prasad </subfield>
  </datafield>
  <datafield tag="260" ind1=" " ind2=" ">
    <subfield code="a">New Delhi:</subfield>
    <subfield code="b">Manohar,</subfield>
    <subfield code="c">2024.</subfield>
  </datafield>
  <datafield tag="300" ind1=" " ind2=" ">
    <subfield code="a">226p.</subfield>
  </datafield>
  <datafield tag="520" ind1=" " ind2=" ">
    <subfield code="a">Through an analysis of archaeological and literary data, this book ex&#xAD;plores two interrelated themes: the socio-economic and cultic processes that resulted in the decline of Indian Buddhism in its last strongholds &#x2013; Bihar and Bengal &#x2013; towards the end of the early medieval period, and the patterns of revival of Buddhism in the neighbouring province of Uttar Pradesh, c. 2005-2011 ce. These themes have been explored by undertaking an analysis of the developments in the social histories of other competing religions: Hinduism, Jainism and &#x100;j&#x12B;vika-dharma. By placing emphasis on the religious praxis and behaviour of the non-elite segment of population, this book offers some significant &#x2018;from below&#x2019; perspectives on the social histories of Buddhism, Hinduism, Jainism&#x2005;and&#x2005;&#x100;j&#x12B;vika-dharma&#x2005;in&#x2005;eastern&#x2005;and&#x2005;northern&#x2005;India.</subfield>
  </datafield>
  <datafield tag="546" ind1=" " ind2=" ">
    <subfield code="a">English</subfield>
  </datafield>
  <datafield tag="650" ind1=" " ind2=" ">
    <subfield code="a">Buddhism</subfield>
    <subfield code="v">Social aspects</subfield>
    <subfield code="z">India</subfield>
  </datafield>
  <datafield tag="650" ind1=" " ind2=" ">
    <subfield code="a">Hinduism</subfield>
    <subfield code="v">Social aspects</subfield>
    <subfield code="z">India</subfield>
  </datafield>
  <datafield tag="650" ind1=" " ind2=" ">
    <subfield code="a">Jainism</subfield>
    <subfield code="v">Social aspects</subfield>
    <subfield code="z">India</subfield>
  </datafield>
  <datafield tag="650" ind1=" " ind2=" ">
    <subfield code="a">Religion</subfield>
    <subfield code="x">Society</subfield>
    <subfield code="z">India</subfield>
  </datafield>
  <datafield tag="942" ind1=" " ind2=" ">
    <subfield code="2">ddc</subfield>
    <subfield code="c">BK</subfield>
  </datafield>
  <datafield tag="952" ind1=" " ind2=" ">
    <subfield code="0">0</subfield>
    <subfield code="1">0</subfield>
    <subfield code="4">0</subfield>
    <subfield code="7">0</subfield>
    <subfield code="a">NASSDOC</subfield>
    <subfield code="b">NASSDOC</subfield>
    <subfield code="d">2024-03-21</subfield>
    <subfield code="e">Rajasthani Granthagar</subfield>
    <subfield code="g">974.70</subfield>
    <subfield code="l">0</subfield>
    <subfield code="o">294 PRA-R</subfield>
    <subfield code="p">54093</subfield>
    <subfield code="r">2024-04-22 00:00:00</subfield>
    <subfield code="v">1350.00</subfield>
    <subfield code="w">2024-03-18</subfield>
    <subfield code="y">BK</subfield>
  </datafield>
</record>
